<?xml version="1.0" encoding="UTF-8"?>
<collection xmlns="http://www.loc.gov/MARC21/slim">
<record>
  <controlfield tag="001">109969</controlfield>
  <controlfield tag="005">20220210105251.0</controlfield>
  <datafield tag="037" ind1=" " ind2=" ">
    <subfield code="a">TAZ-TFM-2021-645</subfield>
  </datafield>
  <datafield tag="041" ind1=" " ind2=" ">
    <subfield code="a">spa</subfield>
  </datafield>
  <datafield tag="100" ind1="1" ind2=" ">
    <subfield code="a">Ferrando Giner, Raquel</subfield>
  </datafield>
  <datafield tag="242" ind1="0" ind2="0">
    <subfield code="a">Intervention proposal at classrooms to boost positive self-esteem within the communicative techniques in catering business module.</subfield>
  </datafield>
  <datafield tag="245" ind1="0" ind2="0">
    <subfield code="a">Propuesta de intervención en el aula para favorecer la autoestima positiva en el módulo de técnicas de comunicación en restauración.</subfield>
  </datafield>
  <datafield tag="260" ind1=" " ind2=" ">
    <subfield code="a">Zaragoza</subfield>
    <subfield code="b">Universidad de Zaragoza</subfield>
    <subfield code="c">2021</subfield>
  </datafield>
  <datafield tag="506" ind1=" " ind2=" ">
    <subfield code="a">by-nc-sa</subfield>
    <subfield code="b">Creative Commons</subfield>
    <subfield code="c">3.0</subfield>
    <subfield code="u">http://creativecommons.org/licenses/by-nc-sa/3.0/</subfield>
  </datafield>
  <datafield tag="520" ind1=" " ind2=" ">
    <subfield code="a">La formación profesional es un sistema complejo que aúna a través de una serie de competencias y cualificaciones el mundo educativo y el mundo laboral. Las enseñanzas que lo componen se agrupan en 26 familias profesionales y más de 150 ciclos formativos en el sistema educativo español. Todas ellas se van actualizando y amoldando a las exigencias del entorno productivo y de la sociedad en la que operan. Es precisamente, dentro de esta característica evolutiva de la FP, donde se ha diseñado la presente propuesta de intervención. La realidad social en la que nos encontramos requiere de profesionales que posean una serie de habilidades emocionales a la vez que son capaces de llevar a cabo su labor profesional de la manera más competitiva posible. A lo largo de las nueve dinámicas diseñadas se pretende fomentar y fortalecer la autoestima positiva, haciendo posible un autoconocimiento y autovaloración consecuentes con la realidad personal de cada individuo dentro del entorno en el que interviene.&lt;br /></subfield>
  </datafield>
  <datafield tag="521" ind1=" " ind2=" ">
    <subfield code="a">Máster Universitario en Profesorado de Educación Secundaria Obligatoria, Bachillerato, Formación Profesional y Enseñanza de Idiomas, Artísticas y Deportivas</subfield>
  </datafield>
  <datafield tag="540" ind1=" " ind2=" ">
    <subfield code="a">Derechos regulados por licencia Creative Commons</subfield>
  </datafield>
  <datafield tag="700" ind1=" " ind2=" ">
    <subfield code="a">Cuevas Salvador, Jesús</subfield>
    <subfield code="e">dir.</subfield>
  </datafield>
  <datafield tag="710" ind1="2" ind2=" ">
    <subfield code="a">Universidad de Zaragoza</subfield>
    <subfield code="b">Didácticas Específicas</subfield>
    <subfield code="c">Didáctica de las Ciencias Sociales</subfield>
  </datafield>
  <datafield tag="856" ind1="0" ind2=" ">
    <subfield code="f">721414@unizar.es</subfield>
  </datafield>
  <datafield tag="856" ind1="4" ind2=" ">
    <subfield code="s">1345710</subfield>
    <subfield code="u">http://zaguan.unizar.es/record/109969/files/TAZ-TFM-2021-645.pdf</subfield>
    <subfield code="y">Memoria (spa)</subfield>
  </datafield>
  <datafield tag="909" ind1="C" ind2="O">
    <subfield code="o">oai:zaguan.unizar.es:109969</subfield>
    <subfield code="p">driver</subfield>
    <subfield code="p">trabajos-fin-master</subfield>
  </datafield>
  <datafield tag="950" ind1=" " ind2=" ">
    <subfield code="a"></subfield>
  </datafield>
  <datafield tag="980" ind1=" " ind2=" ">
    <subfield code="a">TAZ</subfield>
    <subfield code="b">TFM</subfield>
    <subfield code="c">FEDU</subfield>
  </datafield>
  <datafield tag="999" ind1=" " ind2=" ">
    <subfield code="a">20210629101005.CREATION_DATE</subfield>
  </datafield>
  <datafield tag="951" ind1=" " ind2=" ">
    <subfield code="a">deposita:2022-02-10</subfield>
  </datafield>
</record>
</collection>